Chemická technologie : pokusný učební text pro 3. ročník experimentálního studijního oboru Chemická technologie. 1 /

Hlavní autor: Zbirovský, Miroslav, 1928-2004
Jazyk: Čeština
Vydáno: Praha : Státní nakladatelství technické literatury, 1979
Vydání: 1. vyd.
Fyzický popis: 272 s.
Knihy
Uloženo v:
LEADER 00765nam a2200205 a 4500
001 000632068
003 CZ BrMZK
005 20021021143102.0
007 ta
008 021021s1979 xr f cze d
040 |a BOA001  |b cze  |c BOA001 
080 |a 66(075.3):377.566  |2 MRF 
100 1 |a Zbirovský, Miroslav,  |d 1928-2004  |7 jk01152290  |4 aut 
245 1 0 |a Chemická technologie :  |b pokusný učební text pro 3. ročník experimentálního studijního oboru Chemická technologie.  |n 1 /  |c Miroslav Zbirovský 
250 |a 1. vyd. 
260 |a Praha :  |b Státní nakladatelství technické literatury,  |c 1979 
300 |a 272 s. 
910 |a BOA001  |b 4-0807.832,1 
990 |a BK 
996 7 |b 2619206054  |c 4-0807.832,1  |l MZK  |r Sklad / do 1 hodiny  |n 2  |w 000632068  |u 000010  |a 1  |e BOA001  |j MZK50  |s A